000 01156cad a22002175a 4500
001 L154695
008 120113s2012 xxk f 000 0 eng d
035 _a(Sirsi) u154695
041 0 _aeng
110 2 _aSavills
_92020
245 0 0 _aUK residential development land
_h[electronic resource]
260 _a[S.l.]
_bSavills
_c2012
490 0 _aSavills Research Residential Market in Minutes UK Residential Development Land
_vJanuary 2012
520 _aNationally, residential development land markets are stagnant, however housebuilders target smaller, readily developable sites in buoyant local markets, pushing up values. There is demand from the larger housebuilders for larger lot sizes in good locations, but supply is tight. The Mortgage Indemnity Guarantee scheme launched as part of the Government's Housing strategy may help demand for residential development land.
590 _aKA
651 4 _aUnited Kingdom
_y
690 _aLand use
_96251
690 _aPlanning and development
_96259
856 4 0 _uhttps://www.savills.co.uk/research/residential-research.aspx
_zView the report after free registration at www.savills.co.uk
942 _n0
999 _c113110
_d113110